From the fjords to the Nile : essays in honour of Richard Holton Pierce on his 80th birthday /

'From the Fjords to the Nile' brings together essays by students and colleagues of Richard Holton Pierce, presented on the occasion of his 80th birthday. It covers topics on the ancient world and the Near East. Pierce is Professor Emeritus of Egyptology at the University of Bergen. Startin...

وصف كامل

محفوظ في:

مؤلفون آخرون: Steiner, Pål (المحرر), Tsakos, Alexandros (المحرر), Seland, Eivind Heldaas (المحرر), Pierce, Richard Holton (honouree.)

التنسيق: كتاب الكتروني

اللغة: English

منشور في: Summertown, Oxford : Archaeopress Publishing Ltd, 2018.

الموضوعات:

الوصول للمادة أونلاين: Login to view Source

الوسوم: إضافة وسم

لا توجد وسوم, كن أول من يضع وسما على هذه التسجيلة!

رقم الطلب: D57

LEADER 02423nam a2200433 i 4500
001 EDZ0001947550
003 StDuBDS
005 20230412182124.0
006 m|||||o||d||||||||
007 cr |||||||||||
008 180129s2018 enka fo 010|0|eng|d
020 |a 9781784917777 (ebook) :  |c No price 
040 |a StDuBDS  |b eng  |c StDuBDS  |e rda  |e pn 
050 4 |a D57 
082 0 4 |a 930  |2 23 
245 0 0 |a From the fjords to the Nile :  |b essays in honour of Richard Holton Pierce on his 80th birthday /  |c edited by Pål Steiner, Alexandros Tsakos and Eivind Heldaas Seland. 
264 1 |a Summertown, Oxford :  |b Archaeopress Publishing Ltd,  |c 2018. 
300 |a 1 online resource (iv, 118 pages) :  |b illustrations (black and white, and colour) 
336 |a text  |2 rdacontent 
336 |a still image  |2 rdacontent 
337 |a computer  |2 rdamedia 
338 |a online resource  |2 rdacarrier 
500 |a Previously issued in print: 2018. 
500 |a Festschrift for Richard Holton Pierce. 
520 8 |a 'From the Fjords to the Nile' brings together essays by students and colleagues of Richard Holton Pierce, presented on the occasion of his 80th birthday. It covers topics on the ancient world and the Near East. Pierce is Professor Emeritus of Egyptology at the University of Bergen. Starting out as an expert in Egyptian languages, and of law in Greco-Roman Egypt, his professional interest has spanned from ancient Nubia and Coptic Egypt, to digital humanities and game theory. His contributions as scholar, teacher, supervisor and informal advisor to Norwegian studies in Egyptology, classics, archaeology, history, religion, and linguistics through more than five decades can hardly be overstated. 
521 |a Specialized. 
588 |a Description based on online resource; title from home page (viewed on October 4, 2018). 
650 0 |a History, Ancient. 
650 0 |a Civilization, Ancient. 
650 0 |a Civilization, Classical. 
700 1 |a Steiner, Pål,  |e editor. 
700 1 |a Tsakos, Alexandros,  |e editor. 
700 1 |a Seland, Eivind Heldaas,  |e editor. 
700 1 |a Pierce, Richard Holton,  |e honouree. 
776 0 8 |i Print version :  |z 9781784917760 
856 4 0 |3 Archaeopress  |u http://library.arce.org:8087/Archaeopress/Products/9781784917760 
942 |2 lcc  |c EBOOK 
952 |0 0  |1 0  |4 0  |6 D0057  |7 1  |9 46356  |a ARCH  |b ARCH  |d 2023-04-12  |l 0  |o D57  |r 2023-04-12 00:00:00  |w 2023-04-12  |y EBOOK 
999 |c 52014  |d 52014